<?xml version="1.0" encoding="UTF-8"?>
<collection xmlns="http://www.loc.gov/MARC21/slim">
  <record>
    <leader>00000nam  2200000   4500</leader>
    <controlfield tag="001">INLIS000000000001721</controlfield>
    <controlfield tag="005">20180724142932</controlfield>
    <controlfield tag="008">180724|||||||||   |   |||   |||| ||   | </controlfield>
    <datafield tag="035" ind1=" " ind2=" ">
      <subfield code="0">010-0718001721</subfield>
    </datafield>
    <datafield tag="041" ind1=" " ind2=" ">
      <subfield code="a">id</subfield>
    </datafield>
    <datafield tag="082" ind1=" " ind2=" ">
      <subfield code="a">R. 050 PIM I 2016</subfield>
    </datafield>
    <datafield tag="090" ind1=" " ind2=" ">
      <subfield code="a">R. 050 PIM I 2016</subfield>
    </datafield>
    <datafield tag="100" ind1=" " ind2=" ">
      <subfield code="a">Tanak Johanis</subfield>
    </datafield>
    <datafield tag="245" ind1=" " ind2=" ">
      <subfield code="a">Meningkatkan Kinerja Jaksa Agung Muda Perdata Dan Tata Usaha Negara Guna Membangun Kepercayaan Stakeholder Di Era Asean Economic Community</subfield>
    </datafield>
    <datafield tag="260" ind1=" " ind2=" ">
      <subfield code="a">Jakarta</subfield>
      <subfield code="b">LAN Jakarta</subfield>
      <subfield code="c">2016</subfield>
    </datafield>
    <datafield tag="300" ind1=" " ind2=" ">
      <subfield code="a">46 hlm., Ilus, 30 cm</subfield>
    </datafield>
    <datafield tag="500" ind1=" " ind2=" ">
      <subfield code="a">Kejaksaan sebagai salah satu institusi penegak hukum yang diberi tugas dalam bidang hukum pidana, hukum perdata dan tata usaha Negara serta tugas-tugas lain yang diatur dalam peraturan perudang-undangan, harus dapat dipertanggung jawabkan. Tugas untuk menangani hukum perdata dan Tata Usaha Negara ini yang dipercayakan kepada Jaksa Agung Muda Perdata dan Tata Usaha Negara dimana dipercaya untuk menduduki jabatan sebagai Direktur Tata Usaha Negara.</subfield>
    </datafield>
    <datafield tag="650" ind1=" " ind2=" ">
      <subfield code="a">Kinerja</subfield>
    </datafield>
  </record>
</collection>
